Обработка материалов концентрированными потоками энергии: учебное пособие

Dades bibliogràfiques
Autor principal: Аверьянова И. О. Инна Олеговна
Autor corporatiu: Московский государственный индустриальный университет (МГИУ)
Sumari:Изложены физические основы методов обработки различных материалов с использованием концентрированных потоков энергии, направляемых в зоны формообразующих поверхностей. Приводятся рекомендации по анализу и выбору методов обработки труднообрабатываемых деталей. Освещены вопросы обеспечения требуемого качества обработки изделий. Во второй редакции весь материал изложен в последовательности, удобной для изучения особенностей нетрадиционных методов обработки материалов, и дополнен новой информацией по металлообрабатывающему оборудованию. Рекомендовано для студентов высших учебных заведений, обучающихся по специальностям «Технология машиностроения», «Металлорежущие станки и комплексы».
Idioma:rus
Publicat: Москва, Изд-во МГИУ, 2011
Edició:2-е изд., доп. и перераб.
Matèries:
Format: Llibre
KOHA link:https://koha.lib.tpu.ru/cgi-bin/koha/opac-detail.pl?biblionumber=211611

MARC

LEADER 00000nam0a2200000 4500
001 211611
005 20231101225707.0
010 |a 9785276018966 
035 |a (RuTPU)RU\TPU\book\231176 
090 |a 211611 
100 |a 20120316d2011 m y0rusy50 ca 
101 0 |a rus 
102 |a RU 
105 |a a j 001zy 
200 1 |a Обработка материалов концентрированными потоками энергии  |e учебное пособие  |f И. О. Аверьянова  |g Московский государственный индустриальный университет (МГИУ) 
205 |a 2-е изд., доп. и перераб. 
210 |a Москва  |c Изд-во МГИУ  |d 2011 
215 |a 180 с.  |c ил. 
320 |a Библиогр.: с. 177-179. 
330 |a Изложены физические основы методов обработки различных материалов с использованием концентрированных потоков энергии, направляемых в зоны формообразующих поверхностей. Приводятся рекомендации по анализу и выбору методов обработки труднообрабатываемых деталей. Освещены вопросы обеспечения требуемого качества обработки изделий. Во второй редакции весь материал изложен в последовательности, удобной для изучения особенностей нетрадиционных методов обработки материалов, и дополнен новой информацией по металлообрабатывающему оборудованию. Рекомендовано для студентов высших учебных заведений, обучающихся по специальностям «Технология машиностроения», «Металлорежущие станки и комплексы». 
606 1 |a Металлообработка высокими энергиями  |2 stltpush  |3 (RuTPU)RU\TPU\subj\42496  |9 62162 
610 1 |a обрабатываемые детали 
610 1 |a свойства 
610 1 |a материалы 
610 1 |a электрофизическая обработка 
610 1 |a электрохимическая обработка 
610 1 |a электроэрозионная резка 
610 1 |a электроэрозионная прошивка 
610 1 |a копирование 
610 1 |a электроэрозионные станки с ЧПУ 
610 1 |a учебные пособия 
675 |a 621.7.044(075.8)  |v 3 
700 1 |a Аверьянова  |b И. О.  |g Инна Олеговна 
712 0 2 |a Московский государственный индустриальный университет (МГИУ)  |2 stltpush  |3 (RuTPU)RU\TPU\col\11073 
801 1 |a RU  |b 63413507  |c 20120316 
801 2 |a RU  |b 63413507  |c 20150615  |g RCR 
900 |a Технологические процессы машиностроительного производства 
942 |c BK 
951 |b 151900 
959 |a 41/20120314  |d 2  |e 0,00  |f ЧЗТЛ:1  |f АНЛ:1